<?xml version="1.0" encoding="UTF-8"?>
<marc:record xmlns:marc="http://www.loc.gov/MARC21/slim">
   <marc:leader>00000nam a2200000 a 4500</marc:leader>
   <marc:datafield ind1="1" ind2=" " tag="100">
      <marc:subfield code="a">Goscinni, R.</marc:subfield>
      <marc:subfield code="4">aut</marc:subfield>
      <marc:subfield code="e">Verfasser/-in</marc:subfield>
   </marc:datafield>
   <marc:datafield ind1=" " ind2=" " tag="653">
      <marc:subfield code="a">Antolin Klasse-5</marc:subfield>
   </marc:datafield>
   <marc:datafield ind1="0" ind2="0" tag="245">
      <marc:subfield code="a">Asterix, Die Tochter des Vercingetorix</marc:subfield>
   </marc:datafield>
   <marc:datafield ind1="0" ind2="0" tag="245">
      <marc:subfield code="b">Band 38</marc:subfield>
   </marc:datafield>
   <marc:datafield ind1=" " ind2="1" tag="264">
      <marc:subfield code="b">Ehapa Verlag Gmbh</marc:subfield>
      <marc:subfield code="c">2019</marc:subfield>
   </marc:datafield>
   <marc:datafield ind1="1" ind2=" " tag="520">
      <marc:subfield code="a">Asterix und Obelix sind zurück in einem brandneuen Abenteuer! Im vierten Album aus der Feder des Duos Jean-Yves Ferri und Didier Conrad steht eine geheimnisvolle junge Frau im Mittelpunkt, die in Begleitung zweier Arverner-Häuptlinge im Dorf der unbeugsamen Gallier auftaucht. Ihre Ankunft versetzt die Dorfbewohner in helle Aufregung! Denn Adrenaline, so der Name der Titelheldin, ist die Tochter des großen Gallier-Häuptlings Vercingetorix. Sie ist auf der Flucht vor Julius Cäsar, der sie gerne zwangsromanisieren möchte.
Doch mal wieder hat der die Rechnung ohne die Gallier und insbesondere die gallische Jugend gemacht, die ihm erbittert Widerstand leistet</marc:subfield>
   </marc:datafield>
   <marc:datafield ind1=" " ind2=" " tag="020">
      <marc:subfield code="a">9783770436385</marc:subfield>
      <marc:subfield code="9">9783770436385</marc:subfield>
   </marc:datafield>
</marc:record>
